000 00474nam a22001937a 4500
003 OSt
005 20180116183105.0
008 170731b xxu||||| |||| 00| 0 eng d
020 _a9788177589238
040 _c0
082 _a338.88 BEN 2006
100 _aRoger Bennett
245 _aInternational Business
_cRoger Bennett
250 _a2nd Ed.
260 _aIndia
_bPearson
_c2006
300 _a402p.
_bpb
440 _aInternational Business
942 _2ddc
_cBK
999 _c352030
_d352030